Captación de recursos económicos para construcciones educativas frente a las necesidades impuestas por la reforma: fuentes de financiamiento interno (Record no. 63658)

MARC details
000 -CABECERA
campo de control de longitud fija 00716nam a2200205 a 4500
005 - FECHA Y HORA DE LA ÚLTIMA TRANSACCIÓN
campo de control 20210219152916.0
008 - ELEMENTOS DE LONGITUD FIJA--INFORMACIÓN GENERAL
campo de control de longitud fija 991125n 000 0 spa u
035 ## - NÚMERO DE CONTROL DEL SISTEMA
Número de control de sistema UPN01000066792
100 ## - ASIENTO PRINCIPAL--NOMBRE PERSONAL
Nombre de persona RAMIREZ IZQUIERDO, Victor
222 ## - TÍTULO CLAVE
Título clave CONESCAL : REVISTA DEL CENTRO REGIONAL DE CONSTRUCCIONES ESCOLARES PARA AMERICA LATINA
245 ## - MENCIÓN DE TÍTULO
Título Captación de recursos económicos para construcciones educativas frente a las necesidades impuestas por la reforma: fuentes de financiamiento interno
260 ## - PUBLICACIÓN, DISTRIBUCIÓN, ETC.
Lugar de publicación, distribución, etc. MEXICO
300 ## - DESCRIPCIÓN FÍSICA
Extensión 21-27
362 ## - FECHAS DE PUBLICACIÓN Y/O DESIGNACIÓN SECUENCIAL
Fecha de publicación y/o designación secuencial 1971 No. 22 dic
653 0# - TERMINO DE INDIZACION - NO CONTROLADO
Término no controlado CONSTRUCCIONES ESCOLARES
653 0# - TERMINO DE INDIZACION - NO CONTROLADO
Término no controlado GASTO EDUCATIVO
653 0# - TERMINO DE INDIZACION - NO CONTROLADO
Término no controlado REFORMA EDUCATIVA
904 ## - ELEMENTOS DE DATOS D LOCAL, LDD (RLIN)
a AC
b 004603
905 ## - TIPO DE MATERIAL
Tipo de material Articulo

No items available.